000 00519nam a2200169 i 4500
001 bg
245 0 _aAnaliza kombinatoryczna /
_c[aut. Lucjan Szamkołowicz et al.].
260 _aWrocław,
_c1976.
490 1 _aPrace Naukowe Instytutu Matematyki Politechniki Wrocławskiej ;
_v12
700 1 _aSzamkołowicz, Lucjan.
830 _aPrace Naukowe Instytutu Matematyki Politechniki Wrocławskiej ;
040 _cBPK
041 _apol
080 _a519.1
942 _cKS
008 s pl f |000 0 pol
999 _c16871
_d16871
856 _uhttp://koha.tu.koszalin.pl/cgi-bin/koha/opac-detail.pl?biblionumber=16871
_yKatalog online BPK